Новейшие методы исследования биосистем: пер. с англ.

書誌詳細
第一著者: Нолтинг Б.
要約:Книга охватывает широкий круг методов, таких как молекулярная динамика, жидкостная хроматография, масс-спектрометрия, рентгено-структурный анализ, инфракрасная спектроскопия, просвечивающая и растровая электронная микроскопия, биофизические нанотехнологии, протеомика. Монография насыщена новейшими примерами применения этих методов: дистанционный контроль состояния атмосферы и лесов, определение вредных веществ в окружающей среде, токсичных (и нетоксичных) биоматериалов и агентов (вирусы, бактерии, отдельные молекулы), диагностика болезней, управление качеством в пищевой и фармацевтической промышленности, поиски внеземной жизни, определение мутаций на уровне ДНК, секвенирование ДНК и белков, идентификация белков, изучение конформационных превращений молекул ферментов и выявление роли отдельных аминокислотных остатков и степени гидратации в процессе образования их комплексов с субстратами и в ходе ферментационного катализа, исследования процесса сворачивания молекул белка, белок-белковых взаимодействий и самосборки надмолекулярных комплексов и т.п. Книга будет полезна студентам и преподавателям вузов, медикам и биологам, физикам и химикам, токсикологам, экологам, физиологам, биофизикам, биохимикам.
言語:ロシア語
出版事項: Москва, Техносфера, 2005
シリーズ:Мир биологии и медицины
主題:
フォーマット: MixedMaterials 図書
KOHA link:https://koha.lib.tpu.ru/cgi-bin/koha/opac-detail.pl?biblionumber=117153

MARC

LEADER 00000nam0a2200000 4500
001 117153
005 20231031123551.0
010 |a 594836044X 
035 |a (RuTPU)RU\TPU\book\126794 
090 |a 117153 
100 |a 20070531d2005 k y0rusy50 ca 
101 1 |a rus  |c eng 
102 |a RU 
105 |a a z 001zy 
200 1 |a Новейшие методы исследования биосистем  |e пер. с англ.  |f Б. Нолтинг 
210 |a Москва  |c Техносфера  |d 2005 
215 |a 254 с.  |c ил. 
225 1 |a Мир биологии и медицины 
320 |a Библиография в конце глав. 
330 |a Книга охватывает широкий круг методов, таких как молекулярная динамика, жидкостная хроматография, масс-спектрометрия, рентгено-структурный анализ, инфракрасная спектроскопия, просвечивающая и растровая электронная микроскопия, биофизические нанотехнологии, протеомика. Монография насыщена новейшими примерами применения этих методов: дистанционный контроль состояния атмосферы и лесов, определение вредных веществ в окружающей среде, токсичных (и нетоксичных) биоматериалов и агентов (вирусы, бактерии, отдельные молекулы), диагностика болезней, управление качеством в пищевой и фармацевтической промышленности, поиски внеземной жизни, определение мутаций на уровне ДНК, секвенирование ДНК и белков, идентификация белков, изучение конформационных превращений молекул ферментов и выявление роли отдельных аминокислотных остатков и степени гидратации в процессе образования их комплексов с субстратами и в ходе ферментационного катализа, исследования процесса сворачивания молекул белка, белок-белковых взаимодействий и самосборки надмолекулярных комплексов и т.п. Книга будет полезна студентам и преподавателям вузов, медикам и биологам, физикам и химикам, токсикологам, экологам, физиологам, биофизикам, биохимикам. 
610 1 |a биосистемы 
610 1 |a методы исследования 
610 1 |a белки 
610 1 |a биомолекулы 
610 1 |a жидкостная хроматография 
610 1 |a масс-спектрометрия 
610 1 |a рентгеноструктурный анализ 
610 1 |a инфракрасная спектроскопия 
610 1 |a электронная микроскопия 
610 1 |a сканирующая зондовая микроскопия 
610 1 |a биофизические нанотехнологии 
610 1 |a протеомика 
610 1 |a ионная подвижность 
610 1 |a спектрометрия 
610 1 |a мысли 
610 1 |a передача 
610 1 |a микроволны 
610 1 |a акустические эффекты 
675 |a 57.08  |v 3 
675 |a 577.112  |v 3 
700 1 |a Нолтинг  |b Б. 
801 1 |a RU  |b 63413507  |c 20070531  |g PSBO 
801 2 |a RU  |b 63413507  |c 20091130  |g PSBO 
900 |a Физико-химические методы исследования в химии 
942 |c BK 
959 |a 46/20070529  |d 1  |e 175,00  |f ЧЗТЛ:1